[Event "Oberliga Bayern 1920"]
[Site "Bayern"]
[Date "2020.09.13"]
[Round "8.3"]
[White "Huch, Reiner"]
[Black "Leeb, Simon"]
[Result "1/2-1/2"]
[WhiteElo "2265"]
[BlackElo "2219"]
[PlyCount "76"]
[EventDate "2019.10.20"]
[EventType "team-tourn"]
[EventRounds "9"]
[EventCountry "GER"]
[SourceTitle "EXT 2022"]
[Source "ChessBase"]
[SourceDate "2021.10.06"]
[SourceVersion "1"]
[SourceVersionDate "2021.10.06"]
[SourceQuality "1"]
[WhiteTeam "Trostberg"]
[BlackTeam "Muenchen Suedost"]
[WhiteTeamCountry "GER"]
[BlackTeamCountry "GER"]

1. d4 d5 2. c4 c6 3. e3 Nf6 4. Nc3 Bf5 5. Qb3 Qb6 6. Qxb6 axb6 7. cxd5 Nxd5 8. Nxd5 cxd5 9. Bb5+ Bd7 10. Bd3 Nc6 11. Bd2 e6 12. Nf3 Nb4 13. Bxb4 Bxb4+ 14. Ke2 f6 15. Rhc1 Bd6 16. g3 Kf7 17. e4 dxe4 18. Bxe4 Bb5+ 19. Ke3 Ba6 20. a3 Rhc8 21. Nd2 g6 22. Bd3 e5 23. Bxa6 exd4+ 24. Kd3 bxa6 25. Nc4 Bc7 26. Rc2 b5 27. Nd2 Ba5 28. Rac1 Rxc2 29. Rxc2 Bxd2 30. Rc7+ Ke6 31. Kxd2 h5 32. Rc6+ Kd5 33. Rxf6 Kc4 34. Rf3 Rc8 35. h4 Rc6 36. Kc2 Re6 37. Kd2 Rc6 38. Kc2 Re6 1/2-1/2

[Event "Landesliga Sued 1819"]
[Site "Bayern"]
[Date "2019.02.03"]
[Round "6.3"]
[White "Huch, Reiner"]
[Black "Bensch, Patrick"]
[Result "1-0"]
[WhiteElo "2268"]
[BlackElo "2169"]
[PlyCount "77"]
[EventDate "2018.10.21"]
[EventType "team-tourn"]
[EventRounds "9"]
[EventCountry "GER"]
[SourceTitle "EXT 2022"]
[Source "ChessBase"]
[SourceDate "2021.10.06"]
[SourceVersion "1"]
[SourceVersionDate "2021.10.06"]
[SourceQuality "1"]
[WhiteTeam "Trostberg TSV"]
[BlackTeam "Rottal Inn"]
[WhiteTeamCountry "GER"]
[BlackTeamCountry "GER"]

1. d4 Nf6 2. Nf3 g6 3. c4 Bg7 4. e3 c5 5. d5 0-0 6. Nc3 d6 7. Be2 e6 8. 0-0 exd5 9. cxd5 Na6 10. Nd2 Nc7 11. e4 b6 12. Re1 Re8 13. Bf1 Rb8 14. a4 Ng4 15. Nf3 f5 16. Bg5 Bf6 17. Bxf6 Qxf6 18. h3 Ne5 19. Nxe5 Rxe5 20. f4 Rxe4 21. Nxe4 fxe4 22. Rxe4 Bf5 23. Re2 Na6 24. Qe1 Nb4 25. Re8+ Rxe8 26. Qxe8+ Kg7 27. Rd1 Bc2 28. Rd2 Bb3 29. Qd7+ Kh6 30. g3 Bxd5 31. Qxa7 Nc6 32. Qd7 Nd4 33. Bg2 Bc4 34. Kh2 Bf7 35. b4 Bc4 36. bxc5 dxc5 37. Qc7 Ne2 38. Rd7 Bg8 39. Re7 1-0

[Event "Landesliga Sued 1819"]
[Site "Bayern"]
[Date "2019.01.20"]
[Round "5.2"]
[White "Huch, Reiner"]
[Black "Alvir, Aco"]
[Result "1-0"]
[WhiteElo "2268"]
[BlackElo "2273"]
[PlyCount "93"]
[EventDate "2018.10.21"]
[EventType "team-tourn"]
[EventRounds "9"]
[EventCountry "GER"]
[SourceTitle "EXT 2022"]
[Source "ChessBase"]
[SourceDate "2021.10.06"]
[SourceVersion "1"]
[SourceVersionDate "2021.10.06"]
[SourceQuality "1"]
[WhiteTeam "Trostberg TSV"]
[BlackTeam "Muenchen SC II"]
[WhiteTeamCountry "GER"]
[BlackTeamCountry "GER"]

1. d4 Nf6 2. Nf3 g6 3. c4 Bg7 4. Nc3 0-0 5. e4 d6 6. h3 e5 7. d5 Nh5 8. Nh2 Qe8 9. Be2 Nf4 10. Bf3 f5 11. g3 Nxh3 12. Bg2 fxe4 13. Nxe4 Na6 14. Ng4 Nf4 15. gxf4 h5 16. Nh2 exf4 17. 0-0 g5 18. Nxg5 Nc5 19. Ne6 Nxe6 20. dxe6 Bxe6 21. Bd5 c6 22. Bxe6+ Qxe6 23. Qd3 Rae8 24. Nf3 Rf6 25. Kh2 Rg6 26. Bd2 Rg4 27. Rae1 Be5 28. Bc3 Qf6 29. c5 Re7 30. cxd6 Qxd6 31. Qxd6 Bxd6 32. Rxe7 Bxe7 33. Rd1 b5 34. Rd7 Bc5 35. Rd8+ Kf7 36. Ne5+ Ke7 37. Nxc6+ Ke6 38. Nd4+ Ke7 39. Rh8 f3 40. Nxf3 Bxf2 41. Rxh5 b4 42. Bd2 Rc4 43. Kg2 Bb6 44. Rb5 Rc2 45. Rxb4 Ba5 46. Re4+ Kf7 47. b4 1-0

[Event "Landesliga Sued 1819"]
[Site "Bayern"]
[Date "2018.10.21"]
[Round "1.3"]
[White "Huch, Reiner"]
[Black "Sargin, Anatol"]
[Result "1-0"]
[WhiteElo "2268"]
[BlackElo "2129"]
[PlyCount "103"]
[EventDate "2018.10.21"]
[EventType "team-tourn"]
[EventRounds "9"]
[EventCountry "GER"]
[SourceTitle "EXT 2022"]
[Source "ChessBase"]
[SourceDate "2021.10.06"]
[SourceVersion "1"]
[SourceVersionDate "2021.10.06"]
[SourceQuality "1"]
[WhiteTeam "Trostberg TSV"]
[BlackTeam "Unterhaching"]
[WhiteTeamCountry "GER"]
[BlackTeamCountry "GER"]

1. d4 d5 2. Nf3 e6 3. c4 c6 4. Qc2 f5 5. Bf4 Nf6 6. e3 Be7 7. Nc3 Ne4 8. Nxe4 fxe4 9. Nd2 0-0 10. Be2 Bd7 11. 0-0 Be8 12. Bg4 Qd7 13. Rac1 Na6 14. a3 Bg6 15. Qa4 Bf5 16. Be2 Nc7 17. Qb3 Ne8 18. Qc3 Nf6 19. b4 Bg4 20. Bxg4 Nxg4 21. h3 Nf6 22. Be5 Rac8 23. Qb2 Bd6 24. Bxd6 Qxd6 25. Nb3 Nd7 26. Nc5 b6 27. Nxd7 Qxd7 28. Rc2 h6 29. Rfc1 b5 30. cxb5 cxb5 31. Rc5 Rxc5 32. Rxc5 Rc8 33. Qc3 Rxc5 34. bxc5 Kf7 35. Qa5 Ke7 36. Qa6 Kd8 37. Kf1 g5 38. Ke2 h5 39. Kd2 g4 40. hxg4 hxg4 41. Kc3 Qc7 42. g3 e5 43. Qf6+ Kc8 44. Qe6+ Kb8 45. Qxe5 Qxe5 46. dxe5 a5 47. e6 Kc7 48. Kd4 Kc6 49. Ke5 b4 50. axb4 axb4 51. Kf6 b3 52. e7 1-0

[Event "Regionalliga Sued-Ost 1718"]
[Site "Bayern"]
[Date "2018.04.15"]
[Round "9.3"]
[White "Huch, Reiner"]
[Black "Hofmann, Juergen"]
[Result "1-0"]
[WhiteElo "2213"]
[BlackElo "2116"]
[PlyCount "79"]
[EventDate "2017.10.22"]
[EventType "team-tourn"]
[EventRounds "9"]
[EventCountry "GER"]
[SourceTitle "EXT 2022"]
[Source "ChessBase"]
[SourceDate "2021.10.06"]
[SourceVersion "1"]
[SourceVersionDate "2021.10.06"]
[SourceQuality "1"]
[WhiteTeam "Trostberg TSV"]
[BlackTeam "Graefelfing SK"]
[WhiteTeamCountry "GER"]
[BlackTeamCountry "GER"]

1. d4 d5 2. Nf3 Nf6 3. c4 e6 4. Nc3 Be7 5. Bf4 c5 6. dxc5 Na6 7. e3 Nxc5 8. cxd5 Nxd5 9. Nxd5 exd5 10. Bb5+ Bd7 11. Bxd7+ Qxd7 12. 0-0 0-0 13. Qe2 Rfd8 14. Be5 Bd6 15. Bd4 Ne6 16. Bc3 b5 17. Rfd1 b4 18. Be5 Bxe5 19. Nxe5 Qc7 20. Nd3 Qb6 21. Qg4 d4 22. e4 Rac8 23. Rac1 Rxc1 24. Rxc1 Qb5 25. Qd1 a5 26. Qc2 h5 27. f4 Qb8 28. e5 g5 29. fxg5 Nxg5 30. Qe2 Rc8 31. Rd1 Ne6 32. Qxh5 Rc2 33. Rf1 Qb7 34. Rf3 Kf8 35. Qg4 Qe7 36. Rg3 Qc7 37. h4 Ke7 38. h5 Rd2 39. Qh4+ Ke8 40. h6 1-0

[Event "Pfarrkirchen Rottal op 2nd"]
[Site "Pfarrkirchen"]
[Date "2018.03.31"]
[Round "3"]
[White "Meszar, Thomas"]
[Black "Huch, Reiner"]
[Result "1-0"]
[WhiteElo "1778"]
[BlackElo "2275"]
[PlyCount "64"]
[EventDate "2018.03.30"]
[EventType "swiss"]
[EventRounds "7"]
[EventCountry "GER"]
[SourceTitle "CBM 183 Extra"]
[Source "ChessBase"]
[SourceDate "2018.04.19"]
[SourceVersion "1"]
[SourceVersionDate "2018.04.19"]
[SourceQuality "1"]

1. d4 d5 2. c4 dxc4 3. Nc3 Nf6 4. Nf3 a6 5. a4 Nc6 6. Bg5 Bg4 7. e3 Na5 8. Be2 Bxf3 9. Bxf3 e6 10. 0-0 Be7 11. Qe2 0-0 12. Rfd1 c6 13. Qc2 Rc8 14. Be2 Nb3 15. Ra2 b5 16. Bxf6 Bxf6 17. Ne4 Be7 18. Nd2 Nxd2 19. Rxd2 Qb6 20. b3 Bb4 21. Rd1 c3 22. Qe4 a5 23. Bd3 g6 24. Bc2 Rfd8 25. Rd3 Rd5 26. Ra1 Rcd8 27. h4 Qc7 28. f4 bxa4 29. bxa4 c5 30. g4 cxd4 31. exd4 Rxd4 32. Rxd4 Rxd4 1-0

[Event "Pfarrkirchen Rottal op 2nd"]
[Site "Pfarrkirchen"]
[Date "2018.03.30"]
[Round "1"]
[White "Gode, Gero"]
[Black "Huch, Reiner"]
[Result "0-1"]
[WhiteElo "1647"]
[BlackElo "2275"]
[PlyCount "56"]
[EventDate "2018.03.30"]
[EventType "swiss"]
[EventRounds "7"]
[EventCountry "GER"]
[SourceTitle "CBM 183 Extra"]
[Source "ChessBase"]
[SourceDate "2018.04.19"]
[SourceVersion "1"]
[SourceVersionDate "2018.04.19"]
[SourceQuality "1"]

1. e4 e6 2. d4 d5 3. Nd2 Nf6 4. e5 Nfd7 5. Bd3 c5 6. c3 Nc6 7. Ne2 cxd4 8. cxd4 f6 9. f4 fxe5 10. fxe5 Nxd4 11. Ng3 Qg5 12. Nb3 Qxe5+ 13. Kf2 Nxb3 14. axb3 Bc5+ 15. Kf3 0-0+ 16. Kg4 Nf6+ 17. Kh3 Qd6 18. Rf1 Bd7 19. Rxf6 Rxf6 20. Qh5 e5+ 21. Bf5 g6 22. Qh4 Bxf5+ 23. Nxf5 Rxf5 24. g4 Rf3+ 25. Kg2 Rf2+ 26. Kh1 Raf8 27. Bh6 d4 28. Bxf8 Qd5+ 0-1

[Event "Regionalliga Sued-Ost 1718"]
[Site "Bayern"]
[Date "2018.03.18"]
[Round "8.4"]
[White "Gruettner, Ralf"]
[Black "Huch, Reiner"]
[Result "1/2-1/2"]
[WhiteElo "2057"]
[BlackElo "2213"]
[PlyCount "82"]
[EventDate "2017.10.22"]
[EventType "team-tourn"]
[EventRounds "9"]
[EventCountry "GER"]
[SourceTitle "EXT 2022"]
[Source "ChessBase"]
[SourceDate "2021.10.06"]
[SourceVersion "1"]
[SourceVersionDate "2021.10.06"]
[SourceQuality "1"]
[WhiteTeam "Freising SK"]
[BlackTeam "Trostberg TSV"]
[WhiteTeamCountry "GER"]
[BlackTeamCountry "GER"]

1. d4 d5 2. c4 dxc4 3. e4 Nf6 4. e5 Nd5 5. Bxc4 Nb6 6. Bb3 Nc6 7. Ne2 e6 8. 0-0 Bd7 9. Nbc3 Ne7 10. a4 a5 11. Be3 Bc6 12. Qc1 Qd7 13. Rd1 Ned5 14. Nxd5 Nxd5 15. Nf4 0-0-0 16. Nxd5 Bxd5 17. Bxd5 Qxd5 18. Qc2 Bb4 19. Rac1 Rd7 20. Qc4 Qxc4 21. Rxc4 Rd5 22. Rdc1 c6 23. f4 Kd7 24. Kf2 h5 25. R1c2 Ke7 26. Bd2 Bxd2 27. Rxd2 Ra8 28. Rd3 Kd7 29. Ke3 Kc7 30. Rc5 Rad8 31. Rxd5 Rxd5 32. Rc3 b5 33. b3 Kb6 34. Kd3 bxa4 35. bxa4 c5 36. Rc4 cxd4 37. Rxd4 Kc5 38. Rxd5+ Kxd5 39. g3 Kc5 40. Kc3 Kd5 41. Kd3 Kc5 1/2-1/2

[Event "Regionalliga Sued-Ost 1718"]
[Site "Bayern"]
[Date "2018.01.21"]
[Round "5.4"]
[White "Huch, Reiner"]
[Black "Lettl, Gerhard"]
[Result "1-0"]
[WhiteElo "2213"]
[BlackElo "1981"]
[PlyCount "75"]
[EventDate "2017.10.22"]
[EventType "team-tourn"]
[EventRounds "9"]
[EventCountry "GER"]
[SourceTitle "EXT 2022"]
[Source "ChessBase"]
[SourceDate "2021.10.06"]
[SourceVersion "1"]
[SourceVersionDate "2021.10.06"]
[SourceQuality "1"]
[WhiteTeam "Trostberg TSV"]
[BlackTeam "Tegernsee TV"]
[WhiteTeamCountry "GER"]
[BlackTeamCountry "GER"]

1. d4 d5 2. c4 c6 3. e3 Nf6 4. Nc3 e6 5. Nf3 Nbd7 6. Qc2 Bd6 7. Be2 0-0 8. 0-0 dxc4 9. Bxc4 e5 10. Rd1 Qc7 11. h3 h6 12. Bb3 Re8 13. dxe5 Nxe5 14. Nd4 Bf8 15. Ne4 Ned7 16. Nb5 Qe5 17. Nbd6 Bxd6 18. Nxd6 Rf8 19. e4 Nb6 20. f4 Qe7 21. f5 Bd7 22. Bf4 Nc8 23. Rd2 Be8 24. Nxc8 Rxc8 25. Bd6 Qxe4 26. Bxf8 Qe3+ 27. Rf2 Kxf8 28. Qd2 Qb6 29. Re1 Rd8 30. Qe3 c5 31. Rc2 Rc8 32. Rec1 Bd7 33. Kh1 Bxf5 34. Rxc5 Re8 35. Qf4 Ne4 36. Rxf5 f6 37. Rc7 Nd6 38. Rxf6+ 1-0

[Event "Regionalliga Sued-Ost 1718"]
[Site "Bayern"]
[Date "2017.10.22"]
[Round "1.4"]
[White "Huch, Reiner"]
[Black "Knoblauch, Leonhard"]
[Result "1-0"]
[WhiteElo "2213"]
[BlackElo "2076"]
[PlyCount "67"]
[EventDate "2017.10.22"]
[EventType "team-tourn"]
[EventRounds "9"]
[EventCountry "GER"]
[SourceTitle "EXT 2022"]
[Source "ChessBase"]
[SourceDate "2021.10.06"]
[SourceVersion "1"]
[SourceVersionDate "2021.10.06"]
[SourceQuality "1"]
[WhiteTeam "Trostberg TSV"]
[BlackTeam "Ilmmuenster"]
[WhiteTeamCountry "GER"]
[BlackTeamCountry "GER"]

1. d4 Nf6 2. Nf3 e6 3. c4 b6 4. Bf4 Bb7 5. e3 Ne4 6. Bd3 f5 7. 0-0 Be7 8. Nfd2 0-0 9. Bxe4 fxe4 10. Nc3 d5 11. Qb3 Nc6 12. cxd5 Na5 13. Qa4 exd5 14. Rfc1 c5 15. dxc5 bxc5 16. a3 c4 17. b4 cxb3 18. Nxb3 Nc4 19. Nd4 Rf6 20. Nxe4 Ra6 21. Qd1 Nxe3 22. fxe3 dxe4 23. Rc7 Bd5 24. Rxe7 Qxe7 25. Nf5 Qe6 26. Ne7+ Kf7 27. Nxd5 Rd8 28. Qh5+ Kg8 29. Nc7 Qf6 30. Be5 Qg6 31. Qxg6 Rxg6 32. Bd4 Rc8 33. Nd5 Rg5 34. Ne7+ 1-0

[Event "Regionalliga SO 1617"]
[Site "Bayern"]
[Date "2017.03.19"]
[Round "7.4"]
[White "Huch, Reiner"]
[Black "Lippert, Frank"]
[Result "1/2-1/2"]
[WhiteElo "2216"]
[BlackElo "2038"]
[PlyCount "78"]
[EventDate "2016.10.16"]
[EventType "team-tourn"]
[EventRounds "9"]
[EventCountry "GER"]
[SourceTitle "EXT 2019"]
[Source "ChessBase"]
[SourceDate "2018.10.10"]
[SourceVersion "1"]
[SourceVersionDate "2018.10.10"]
[SourceQuality "1"]
[WhiteTeam "Trostberg"]
[BlackTeam "Graefelfing"]
[WhiteTeamCountry "GER"]
[BlackTeamCountry "GER"]

1. d4 Nf6 2. Nf3 e6 3. c4 Bb4+ 4. Nbd2 0-0 5. a3 Be7 6. e4 d5 7. Qc2 dxe4 8. Nxe4 Nbd7 9. Bd3 Nxe4 10. Bxe4 Nf6 11. Bd3 b6 12. Be3 c5 13. Rd1 Qc7 14. 0-0 Bb7 15. Qe2 Rfd8 16. dxc5 bxc5 17. h3 e5 18. Bb1 e4 19. Nh2 Qe5 20. Rfe1 Bc6 21. Nf1 Rxd1 22. Rxd1 Rb8 23. Bc1 Bd6 24. Qd2 Bc7 25. b4 Rd8 26. Qe2 Rxd1 27. Qxd1 Qc3 28. b5 Bd7 29. Qc2 Qxc2 30. Bxc2 Be6 31. Be3 Bxc4 32. Bxc5 Bb6 33. Bxb6 axb6 34. a4 Kf8 35. Nd2 Bd5 36. Bb3 Bxb3 37. Nxb3 Ke7 38. a5 bxa5 39. Nxa5 Kd6 1/2-1/2

[Event "Regionalliga SO 1617"]
[Site "Bayern"]
[Date "2016.12.04"]
[Round "3.4"]
[White "Huch, Reiner"]
[Black "Sailer, Wolfgang"]
[Result "1/2-1/2"]
[WhiteElo "2216"]
[BlackElo "2078"]
[PlyCount "30"]
[EventDate "2016.10.16"]
[EventType "team-tourn"]
[EventRounds "9"]
[EventCountry "GER"]
[SourceTitle "EXT 2019"]
[Source "ChessBase"]
[SourceDate "2018.10.10"]
[SourceVersion "1"]
[SourceVersionDate "2018.10.10"]
[SourceQuality "1"]
[WhiteTeam "Trostberg"]
[BlackTeam "Ingolstadt"]
[WhiteTeamCountry "GER"]
[BlackTeamCountry "GER"]

1. d4 Nf6 2. Bg5 e6 3. Nd2 c5 4. e3 cxd4 5. exd4 Be7 6. Ngf3 b6 7. Bd3 Bb7 8. 0-0 0-0 9. Re1 d6 10. c3 Nbd7 11. a4 a6 12. Nc4 Re8 13. Ne3 Nd5 14. Bxe7 Qxe7 15. Bf1 Nxe3 1/2-1/2

[Event "Regionalliga SO 1415"]
[Site "Bayern"]
[Date "2015.04.12"]
[Round "9.2"]
[White "Niedermeier, Thomas"]
[Black "Huch, Reiner"]
[Result "1-0"]
[WhiteElo "2236"]
[BlackElo "2225"]
[PlyCount "65"]
[EventDate "2014.10.19"]
[EventType "team-tourn"]
[EventRounds "9"]
[EventCountry "GER"]
[SourceTitle "EXT 2018"]
[Source "ChessBase"]
[SourceDate "2017.10.13"]
[SourceVersion "1"]
[SourceVersionDate "2017.10.13"]
[SourceQuality "1"]
[WhiteTeam "Ilmmuenster"]
[BlackTeam "Trostberg"]
[WhiteTeamCountry "GER"]
[BlackTeamCountry "GER"]

1. e4 e6 2. d4 d5 3. Nc3 Nf6 4. Bg5 Bb4 5. e5 h6 6. Bd2 Bxc3 7. bxc3 Ne4 8. Qg4 Kf8 9. Bc1 c5 10. Bd3 Nxc3 11. dxc5 Nc6 12. Nf3 Ne4 13. Bxe4 dxe4 14. Qxe4 Qa5+ 15. Bd2 Qxc5 16. 0-0 Bd7 17. Rfd1 Be8 18. Be3 Qa5 19. h4 Rc8 20. Rab1 b6 21. h5 Kg8 22. a4 Qa6 23. Qh4 Kh7 24. Nh2 Rc7 25. Qe4+ Kg8 26. Ng4 Rc8 27. Nf6+ Kf8 28. Bc1 gxf6 29. exf6 Qa5 30. Ba3+ Kg8 31. Rb5 Rh7 32. Rxa5 Nxa5 33. Bc1 1-0

[Event "Regionalliga SO 1415"]
[Site "Bayern"]
[Date "2014.11.09"]
[Round "2.2"]
[White "Huch, Reiner"]
[Black "Zenker, Ulrich"]
[Result "1-0"]
[WhiteElo "2225"]
[BlackElo "2085"]
[PlyCount "79"]
[EventDate "2014.10.19"]
[EventType "team-tourn"]
[EventRounds "9"]
[EventCountry "GER"]
[SourceTitle "EXT 2018"]
[Source "ChessBase"]
[SourceDate "2017.10.13"]
[SourceVersion "1"]
[SourceVersionDate "2017.10.13"]
[SourceQuality "1"]
[WhiteTeam "Trostberg"]
[BlackTeam "Ebersberg Grafing"]
[WhiteTeamCountry "GER"]
[BlackTeamCountry "GER"]

1. Nf3 d6 2. d4 g6 3. c4 Bg7 4. Nc3 Nc6 5. g3 e5 6. dxe5 dxe5 7. Qxd8+ Kxd8 8. Bg5+ Nge7 9. 0-0-0+ Bd7 10. Nd5 f5 11. Nf6 Bxf6 12. Bxf6 Rf8 13. Bxe5 Kc8 14. Bc3 a5 15. Ng5 h5 16. e3 Ng8 17. Bg7 Re8 18. Bg2 Re7 19. Bc3 Nd8 20. Rd2 Ne6 21. Nxe6 Bxe6 22. Rhd1 Re8 23. Bd5 Bxd5 24. Rxd5 a4 25. Rd7 Ra6 26. Rg7 Ne7 27. Kc2 Re6 28. Rd4 c5 29. Rd3 Rd8 30. Rxe7 Rxe7 31. Rxd8+ Kxd8 32. Bf6 Kd7 33. Bxe7 Kxe7 34. Kd3 Ke6 35. e4 Ke5 36. f4+ Ke6 37. e5 Kd7 38. Kc3 Kc6 39. b3 axb3 40. Kxb3 1-0

[Event "AUT-chT2W 1314"]
[Site "Austria"]
[Date "2014.03.09"]
[Round "11.3"]
[White "Huch, Reiner"]
[Black "Bertagnolli, Alexander"]
[Result "1/2-1/2"]
[WhiteElo "2332"]
[BlackElo "2344"]
[PlyCount "137"]
[EventDate "2013.10.18"]
[EventType "team-tourn"]
[EventRounds "11"]
[EventCountry "AUT"]
[SourceTitle "EXT 2015"]
[Source "ChessBase"]
[SourceDate "2014.11.20"]
[SourceVersion "1"]
[SourceVersionDate "2014.11.20"]
[SourceQuality "1"]
[WhiteTeam "Bernhard II"]
[BlackTeam "Kufstein/Woergl"]
[WhiteTeamCountry "AUT"]
[BlackTeamCountry "AUT"]

1. Nf3 d5 2. d4 c6 3. c4 e6 4. Qc2 f5 5. Bf4 Bd6 6. e3 Nf6 7. Nc3 0-0 8. Be2 h6 9. 0-0 g5 10. Bxd6 Qxd6 11. Ne5 Bd7 12. Rac1 a6 13. Na4 b5 14. Nb6 Ra7 15. cxd5 exd5 16. Nbxd7 Rxd7 17. Nxd7 Qxd7 18. Bd3 Ne8 19. Rce1 Nd6 20. f3 Nc8 21. Qc5 Qe6 22. e4 Nd7 23. exd5 Nxc5 24. Rxe6 Nxe6 25. dxe6 Ne7 26. Bc2 Rd8 27. Rd1 Kg7 28. Kf2 Kf6 29. Bb3 f4 30. g4 Rd6 31. a4 bxa4 32. Bxa4 Kxe6 33. Bb3+ Kd7 34. Bc4 c5 35. d5 Kc7 36. Ke2 Ng6 37. Ra1 Ne5 38. b3 Rb6 39. Ra5 Kd6 40. Kf2 Nd7 41. Ra2 Ke5 42. Re2+ Kd4 43. Re4+ Kc3 44. Re7 Nf6 45. Rc7 Kd4 46. Ke2 a5 47. Ra7 a4 48. Rxa4 Nxd5 49. Kd2 Ne3 50. Bg8+ Ke5 51. Kc3 Rb8 52. Bc4 Nd5+ 53. Bxd5 Kxd5 54. Re4 Ra8 55. Kb2 h5 56. h4 gxh4 57. g5 h3 58. Rxf4 Rg8 59. Kc3 Rxg5 60. Rh4 Rg3 61. Rxh5+ Ke6 62. Kc4 Rxf3 63. Rxc5 Rf4+ 64. Kd3 Rb4 65. Rh5 Rxb3+ 66. Ke4 Kf6 67. Kf4 Kg6 68. Rh8 Kg7 69. Rh5 1/2-1/2

[Event "AUT-chT2W 1314"]
[Site "Austria"]
[Date "2014.03.07"]
[Round "9.3"]
[White "Huch, Reiner"]
[Black "Dobosz, Henryk"]
[Result "0-1"]
[WhiteElo "2332"]
[BlackElo "2368"]
[PlyCount "54"]
[EventDate "2013.10.18"]
[EventType "team-tourn"]
[EventRounds "11"]
[EventCountry "AUT"]
[SourceTitle "EXT 2015"]
[Source "ChessBase"]
[SourceDate "2014.11.20"]
[SourceVersion "1"]
[SourceVersionDate "2014.11.20"]
[SourceQuality "1"]
[WhiteTeam "Bernhard II"]
[BlackTeam "Bregenz"]
[WhiteTeamCountry "AUT"]
[BlackTeamCountry "AUT"]

1. Nf3 c5 2. c4 Nf6 3. Nc3 g6 4. e3 Bg7 5. d4 0-0 6. Be2 cxd4 7. exd4 d5 8. 0-0 Nc6 9. h3 b6 10. Bg5 dxc4 11. Bxc4 Na5 12. Be2 Bb7 13. Re1 Rc8 14. Bf1 h6 15. Bf4 a6 16. Qe2 e6 17. Rad1 Nd5 18. Nxd5 Qxd5 19. b3 Nc6 20. Qe3 Nb4 21. Re2 Kh7 22. Qd2 a5 23. Ne1 Ba6 24. Re3 Bxf1 25. Kxf1 Rfd8 26. Qe2 Qb7 27. Re4 Nxa2 0-1

[Event "Regionalliga SO 1213"]
[Site "Bayern"]
[Date "2012.12.09"]
[Round "4.2"]
[White "Schweiger, Georg"]
[Black "Huch, Reiner"]
[Result "1-0"]
[WhiteElo "2112"]
[BlackElo "2250"]
[PlyCount "61"]
[EventDate "2012.10.14"]
[EventType "team-tourn"]
[EventRounds "9"]
[EventCountry "GER"]
[SourceTitle "EXT 2015"]
[Source "ChessBase"]
[SourceDate "2014.11.20"]
[SourceVersion "1"]
[SourceVersionDate "2014.11.20"]
[SourceQuality "1"]
[WhiteTeam "Ebersberg Grafing"]
[BlackTeam "Trostberg"]
[WhiteTeamCountry "GER"]
[BlackTeamCountry "GER"]

1. e4 c5 2. Nf3 e6 3. b3 Nc6 4. Bb2 Nf6 5. e5 Nd5 6. Bb5 Qb6 7. Bxc6 Qxc6 8. d3 b6 9. Qd2 Be7 10. c4 Nc7 11. Nc3 Bb7 12. Ne4 0-0-0 13. 0-0-0 Rhf8 14. Rhe1 b5 15. Qa5 Kb8 16. Nd6 Ba6 17. Kb1 f6 18. d4 bxc4 19. dxc5 Bxd6 20. exd6 Nd5 21. Nd4 Qc8 22. bxc4 Bxc4 23. Rc1 Bd3+ 24. Ka1 Ka8 25. c6 dxc6 26. Nxc6 Qd7 27. Bd4 Rc8 28. Nxa7 Rxc1+ 29. Rxc1 Kb7 30. Rd1 Bg6 31. Rd2 1-0

[Event "AUT-chT2W 1213"]
[Site "Austria"]
[Date "2012.10.06"]
[Round "2.5"]
[White "Hajdarevic, Dino"]
[Black "Huch, Reiner"]
[Result "0-1"]
[WhiteElo "2044"]
[BlackElo "2317"]
[PlyCount "92"]
[EventDate "2012.10.05"]
[EventType "team-tourn"]
[EventRounds "11"]
[EventCountry "AUT"]
[SourceTitle "EXT 2013"]
[Source "ChessBase"]
[SourceDate "2012.11.22"]
[SourceVersion "1"]
[SourceVersionDate "2012.11.22"]
[SourceQuality "1"]
[WhiteTeam "Schwarzach"]
[BlackTeam "Bernhard"]
[WhiteTeamCountry "AUT"]
[BlackTeamCountry "AUT"]

1. d4 d5 2. c4 dxc4 3. Nf3 Nf6 4. e3 Bg4 5. Bxc4 e6 6. Qb3 Bxf3 7. gxf3 Nbd7 8. Nc3 Nb6 9. Bd3 Be7 10. Bd2 0-0 11. Qc2 Rc8 12. Ne4 Nbd7 13. b4 e5 14. Nxf6+ Bxf6 15. Bxh7+ Kh8 16. Qf5 g6 17. Bxg6 fxg6 18. Qxg6 Qe7 19. Qh6+ Qh7 20. Qxh7+ Kxh7 21. d5 e4 22. 0-0-0 Ne5 23. Kc2 Nxf3 24. Bc3 Rce8 25. Bxf6 Rxf6 26. Kc3 Rd6 27. Kc4 Kg6 28. h4 Rh8 29. h5+ Kf5 30. a4 Ke5 31. b5 Rdh6 32. a5 Kd6 33. Rh3 Rg8 34. Rdh1 Rg5 35. Rg3 Rxd5 36. Rg8 Ne5+ 37. Kb4 Nd3+ 38. Kc4 Ne5+ 39. Kb4 Nd7 40. Rg6+ Rxg6 41. hxg6 Rg5 42. Rd1+ Ke6 43. Rc1 Nf6 44. Ka4 Nd5 45. Rc4 Rxg6 46. Kb3 Rg1 0-1